000 00603nam a22001577a 4500
008 160528b xxu||||| |||| 00| 0 eng d
082 _22013
_aUT 0466
_bD37
100 _99536
_aDelima, Dennybie T.
245 _aTeachers' expectation and students academic performance of grade 7 students in Digos City/
_cDennybie T. Delima, Praise P. Parayon and Joy A. Baluran.
260 _aDigos City:
_bUMDC
_cOctober 2013.
300 _a47 pages;
_c28 cm.
650 0 _99534
_aEducation
_vMathematics
_xUndergraduate thesis.
700 _99531
_aParayon, Praise P.
700 _99533
_aBaluran, Joy A.
942 _2ddc
_cUT
999 _c2867
_d2867